000 00596nam a2200193Ia 4500
005 20260601193300.0
008 260601s9999||||xx |||||||||||||| ||und||
020 _a978-3-031-71671-3
_qebk
100 _aRoberta Gori
245 0 _aComputational Methods in Systems Biology
250 _a2024
260 _aHeidelberg, Germany
_bSpringer Nature
_c2024
440 _aLecture Notes in Computer Science
650 _aComputer Science
700 _aMirco Tribastone
700 _aPaolo Milazzo
856 _uhttps://link.springer.com/openurl?genre=book&isbn=978-3-031-71671-3
942 _cEB
_2ddc
999 _c56978
_d56978